Being an Account of a journey round the World for a wager / (Record no. 186386)
[ view plain ]
| 000 -LEADER | |
|---|---|
| fixed length control field | 00713 a2200145 4500 |
| 003 - CONTROL NUMBER IDENTIFIER | |
| control field | Nust |
| 005 - DATE AND TIME OF LATEST TRANSACTION | |
| control field | 20230126133534.0 |
| 040 ## - CATALOGING SOURCE | |
| Transcribing agency | Nust |
| 082 ## - DEWEY DECIMAL CLASSIFICATION NUMBER | |
| Classification number | 910.41,GRE |
| 100 ## - MAIN ENTRY--PERSONAL NAME | |
| Personal name | Green Horn |
| 9 (RLIN) | 107788 |
| 245 ## - TITLE STATEMENT | |
| Title | Being an Account of a journey round the World for a wager / |
| Statement of responsibility, etc. | Green Horn |
| 505 ## - FORMATTED CONTENTS NOTE | |
| Formatted contents note | The Aftermath of War (Page-1), Arrival in New York (Page-22), South to the Oilfields (Page-51), Canada (Page-78), Before the Mast (Page-109), End of My First Voyage (Page-130), The South Sea Island (Page-155), Down and the Very Nearly Out (Page-193), New Guinea (Page-222), Working a Passage to South Africa (Page-251), The Return to Australia (Page-274). |
| 650 ## - SUBJECT ADDED ENTRY--TOPICAL TERM | |
| Topical term or geographic name entry element | journey |
| 9 (RLIN) | 107789 |
| 942 ## - ADDED ENTRY ELEMENTS (KOHA) | |
| Source of classification or shelving scheme | |
| Koha item type | Book |
| Withdrawn status | Lost status | Source of classification or shelving scheme | Damaged status | Not for loan | Permanent Location | Current Location | Shelving location | Date acquired | Full call number | Barcode | Date last seen | Price effective from | Koha item type | Public note |
|---|---|---|---|---|---|---|---|---|---|---|---|---|---|---|
| Military College of Signals (MCS) | Military College of Signals (MCS) | General Stacks | 12/12/2016 | 910.41,GRE | MCS29036 | 12/08/2016 | 12/12/2016 | Book | Almirah No.58, Shelf No.6 |
